| 000 | 00740cab a2200229 4500 | ||
|---|---|---|---|
| 001 | WB2810-09 | ||
| 008 | 090401t1992 xxu||||| |||| 00| 0 eng d | ||
| 035 | _a(Sirsi) u49606 | ||
| 041 | _aeng | ||
| 245 | _aAppliance of science | ||
| 260 | _c1992 | ||
| 350 | _a0 | ||
| 490 |
_aSurveyor _v3 March 1992, 4(1) |
||
| 520 | _aScottish Natural Heritage is using a computer system Countryside Management System (CMS) to help site managers reduce damage and improve management on Sites of Special Scientific Interest (SSSIs). | ||
| 650 | _aCOMPUTERS | ||
| 650 | _aCOUNTRYSIDE MANAGEMENT | ||
| 650 | _aSCOTLAND | ||
| 690 | _aCON | ||
| 690 | _aMANAGEMENT-BUSINESS MANAGEMENT-INFORMATION MANAGEMENT | ||
| 942 | _n0 | ||
| 948 | _c04/03/1997 | ||
| 999 |
_c31055 _d31055 |
||